| 000 | 01000na a2200277 4500 | ||
|---|---|---|---|
| 001 | 22791 | ||
| 003 | MIRAKIL | ||
| 005 | 20181213154848.0 | ||
| 008 | 170225b tu 000 0 | ||
| 040 |
_aMilas _btur _cTR-AnCHP |
||
| 041 | _atur | ||
| 082 |
_aCHP 366.0681 _bC36s [t.y.] |
||
| 090 | _aCHP 366.0681 C36s [t.y.] | ||
| 245 |
_aÖrgütlü toplumlarla dayanışma _cCHP Çankaya |
||
| 246 | _aGönüllü sivil toplum kuruluşları | ||
| 246 | _aSivil toplum örgütleri | ||
| 260 |
_aAnkara _bCHP _c[t.y.] |
||
| 300 |
_ayklş. 40 s. _brnkl. fotg. _c21x29 sm. |
||
| 500 | _aCHP Çankaya'nın çeşitli STK'larla birlikte düenlemiş olduğu etkinlik ve eylemlerden fotoğraflar yer almaktadır | ||
| 610 |
_aCHP _xSivil toplum kuruluşları (STK) _yRaporlar |
||
| 610 |
_aCHP _xİl ve ilçe teşkilatları _ySiyasal katılım |
||
| 610 |
_aCHP _xSTK politikası |
||
| 650 |
_aSivil toplum kuruluşları (STK) _xSiyasal etkinlik _zTürkiye |
||
| 942 |
_2dcc _cBKS |
||
| 999 |
_c2177 _d2177 |
||